000 00283nam a22001217a 4500
003 SGT
082 _a340
_bKUM
100 _aKUMAR ABHISHEK
245 _aGENDER BIASED LAWS IN INDIA AN ANALYSIS ON MEN HAVING WEAKER SECTION IN LAW
260 _c2021
300 _a34
942 _2ddc
_cTH
999 _c34059
_d34059